| 000 | 00844nam a22002657a 4500 | ||
|---|---|---|---|
| 003 | OSt | ||
| 005 | 20250811035220.0 | ||
| 006 | a | ||
| 008 | 240605b |||||||| |||| 00| 0 eng d | ||
| 020 | _a9786218122161 | ||
| 040 |
_aDWCL-Main Lib. _cOC |
||
| 082 | _aFil. 621.381 D574 2018 | ||
| 100 | _aSan Agustin, Ricardo B. | ||
| 245 |
_aDigital logic design/ _cRicardo B. San Agustin [and four others] |
||
| 260 |
_aMalabon City, Philippines : _bJimezyville Publication, _cc2018. |
||
| 300 |
_aviii, 244 pages : _billustrations ; _c26cm. |
||
| 504 | _aIncludes bibliographical references. | ||
| 650 | _a1. Digital electronics. | ||
| 650 | _a2. Logic design. | ||
| 700 | _aRomano, Gaudencio Jeffrey G. | ||
| 700 | _aAguilar, Arfel V. | ||
| 700 | _aRoque, Sonny C. | ||
| 700 | _aBucud, Aneslyn C. | ||
| 942 |
_2ddc _cBK - FIL _kFil. _n0 |
||
| 999 |
_c202 _d202 |
||